<?xml version="1.0" encoding="UTF-8"?>
<collection xmlns="http://www.loc.gov/MARC21/slim">
 <record>
  <leader>03628nam a2200265 a 4500</leader>
  <controlfield tag="001">1/37410</controlfield>
  <controlfield tag="008">090303s2005    gr a     bi   001 0 gre d</controlfield>
  <datafield tag="020" ind1=" " ind2=" ">
   <subfield code="a">9604608975</subfield>
  </datafield>
  <datafield tag="035" ind1=" " ind2=" ">
   <subfield code="l">40018</subfield>
  </datafield>
  <datafield tag="040" ind1=" " ind2=" ">
   <subfield code="a">GR-PeUP</subfield>
  </datafield>
  <datafield tag="082" ind1="0" ind2="0">
   <subfield code="a">302.2 WOL ΜΤΦ</subfield>
  </datafield>
  <datafield tag="100" ind1="1" ind2=" ">
   <subfield code="a">Wolton, Dominique.</subfield>
  </datafield>
  <datafield tag="245" ind1="1" ind2="0">
   <subfield code="a">Σκέψεις για την επικοινωνία /</subfield>
   <subfield code="c">Dominique Wolton ; μετάφραση Βασιλική Νασούλη.</subfield>
  </datafield>
  <datafield tag="260" ind1=" " ind2=" ">
   <subfield code="a">Αθήνα :</subfield>
   <subfield code="b">Σαββάλας,</subfield>
   <subfield code="c">2005.</subfield>
  </datafield>
  <datafield tag="300" ind1=" " ind2=" ">
   <subfield code="a">470 σ. :</subfield>
   <subfield code="b">εικ. ;</subfield>
   <subfield code="c">24 εκ.</subfield>
  </datafield>
  <datafield tag="490" ind1="1" ind2=" ">
   <subfield code="a">Κοινωνικές Επιστήμες ;</subfield>
  </datafield>
  <datafield tag="500" ind1=" " ind2=" ">
   <subfield code="a">Τίτλος πρωτοτύπου: Penser la communication.</subfield>
  </datafield>
  <datafield tag="504" ind1=" " ind2=" ">
   <subfield code="a">Περιέχει βιβλιογραφία και ευρετήριο.</subfield>
  </datafield>
  <datafield tag="505" ind1="0" ind2=" ">
   <subfield code="a">Πρόθεμα -- Πρόλογος -- Εισαγωγή: Έχουμε ακόμη επιλογές -- Μέρος Ι: Οι έννοιες Κεφάλαιο 1: Επικοινωνία και κοινωνία: Τρεις υποθέσεις Κεφάλαιο 2: Οι πολιτιστικές αντιφάσεις Κεφάλαιο 3: Οι έρευνες -- Μέρος 2: Η τηλεόραση: Ο κοινωνικός δεσμός Κεφάλαιο 4: Μαζική τηλεόραση και θεωρία της κοινωνίας Κεφάλαιο 5: Η κουλτούρα και η τηλεόραση Κεφάλαιο 6: Η δύναμη και τα όρια των θεματικών μέσων -- Μέρος 3: Επικοινωνία και Δημοκρατία Κεφάλαιο 7: Το τρίγωνο του διαβόλου: δημοσιογράφοι, πολιτικοί και κοινή γνώμη Κεφάλαιο 8: Η δημόσια σφαίρα Κεφάλαιο 9: Η πολιτική επικοινωνία -- Μέρος 4: Ενημέρωση και δημοσιογραφία Κεφάλαιο 10: Μεταξύ ιδεώδους και ιδεολογίας Κεφάλαιο 11: Ο επισφαλής θρίαμβος της ενημέρωσης Κεφάλαιο 12: Η τριπλή κρίση της δημοσιογραφίας -- Μέρος 5: Οι νέες τεχνολογίες Κεφάλαιο 13: Τα κλειδιά της επιτυχίας: διαφάνεια, ταχύτητα και αμεσότητα Κεφάλαιο 14: Η διαδραστική μας μοναξιά Κεφάλαιο 15: Κρατώντας τις αποστάσεις -- Μέρος 6: Η Ευρώπη Κεφάλαιο 16: Από την πολυπολιτισμικότητα στην συνύπαρξη Κεφάλαιο 17: Ταυτότητα και επικοινωνία Κεφάλαιο 18: Η δύσκολη δημιουργία του πολιτικού χώρου -- Συμπέρασμα: Στην κόψη του ξυραφιού -- Παράρτημα: Οι επιστήμες της επικοινωνίας -- Γλωσσάρι -- Βιβλιογραφία --Ευρετήριο όρων -- Ευρετήριο ονομάτων.</subfield>
  </datafield>
  <datafield tag="650" ind1=" " ind2="4">
   <subfield code="a">Communication</subfield>
   <subfield code="x">Social aspects.</subfield>
  </datafield>
  <datafield tag="650" ind1=" " ind2="4">
   <subfield code="a">Επικοινωνία</subfield>
   <subfield code="x">Κοινωνικές απόψεις.</subfield>
  </datafield>
  <datafield tag="700" ind1="1" ind2=" ">
   <subfield code="a">Νασούλη, Βασιλική.</subfield>
  </datafield>
  <datafield tag="830" ind1=" " ind2=" ">
   <subfield code="a">Κοινωνικές Επιστήμες/Social Sciences.</subfield>
  </datafield>
  <datafield tag="852" ind1=" " ind2=" ">
   <subfield code="a">INST</subfield>
   <subfield code="b">UNIPILB</subfield>
   <subfield code="c">MAIN</subfield>
   <subfield code="e">20090401</subfield>
   <subfield code="h">302.2 WOL ΜΤΦ</subfield>
   <subfield code="p">00158306</subfield>
   <subfield code="q">00158306</subfield>
   <subfield code="t">LOAN</subfield>
   <subfield code="y">0</subfield>
   <subfield code="4">1</subfield>
  </datafield>
  <datafield tag="852" ind1=" " ind2=" ">
   <subfield code="a">INST</subfield>
   <subfield code="b">UNIPILB</subfield>
   <subfield code="c">MAIN</subfield>
   <subfield code="e">20190606</subfield>
   <subfield code="h">302.2 WOL ΜΤΦ</subfield>
   <subfield code="p">00181495</subfield>
   <subfield code="q">00181495</subfield>
   <subfield code="t">LOAN</subfield>
   <subfield code="y">0</subfield>
   <subfield code="4">2</subfield>
  </datafield>
 </record>
</collection>
